Building on knowledge (Record no. 106144)
[ view plain ]
| 000 -LEADER | |
|---|---|
| fixed length control field | 01527cam a22002535 4500 |
| 001 - CONTROL NUMBER | |
| control field | L135675 |
| 008 - FIXED-LENGTH DATA ELEMENTS--GENERAL INFORMATION | |
| fixed length control field | 090203s2009 xxkad f 001 0 eng u |
| 020 ## - INTERNATIONAL STANDARD BOOK NUMBER | |
| International Standard Book Number | 9781405147095 |
| 035 ## - SYSTEM CONTROL NUMBER | |
| System control number | (Sirsi) u135675 |
| 050 04 - LIBRARY OF CONGRESS CALL NUMBER | |
| Classification number | 690.068 $2 22 |
| 100 ## - MAIN ENTRY--PERSONAL NAME | |
| Personal name | Bartholomew, David |
| 245 ## - TITLE STATEMENT | |
| Title | Building on knowledge |
| Remainder of title | developing expertise, creativity and intellectual capital in the construction professions |
| Medium | [electronic resource] |
| 260 ## - PUBLICATION, DISTRIBUTION, ETC. | |
| Place of publication, distribution, etc. | Oxford |
| Name of publisher, distributor, etc. | Blackwell |
| Date of publication, distribution, etc. | 2009 |
| 300 ## - PHYSICAL DESCRIPTION | |
| Extent | eBook |
| 350 ## - PRICE (NR) (BK AM CF MU VM SE) [OBSOLETE] | |
| Price | 49.50 |
| 505 2# - FORMATTED CONTENTS NOTE | |
| Formatted contents note | Part one: foundations -- Part two: tools and techniques -- Part three: knowledge management in practice -- Epilogue -- Where next for knowledge management? -- Further reading -- Index |
| 520 ## - SUMMARY, ETC. | |
| Summary, etc. | Provides guidance on knowledge management for construction professionals and design practices. Discusses how to develop and implement a knowledge management strategy with techniques based on people and the company culture. Describes the principles of knowledge management and what is necessary for them to work. Presents the processes and IT tools useful to professional services organisations. Develops several case studies, practical experiences of companies to develop and improve their knowledge management. |
| 521 ## - TARGET AUDIENCE NOTE | |
| Target audience note | Advanced |
| 650 24 - SUBJECT ADDED ENTRY--TOPICAL TERM | |
| Topical term or geographic name entry element | EBOOK |
| 651 #4 - SUBJECT ADDED ENTRY--GEOGRAPHIC NAME | |
| Geographic name | England and Wales |
| Chronological subdivision | 1543- |
| 690 ## - LOCAL SUBJECT ADDED ENTRY--TOPICAL TERM (OCLC, RLIN) | |
| Topical term or geographic name as entry element | MANAGEMENT-BUSINESS MANAGEMENT-INFORMATION MANAGEMENT-KNOWLEDGE MANAGEMENT |
| 856 48 - ELECTRONIC LOCATION AND ACCESS | |
| Uniform Resource Identifier | <a href="https://www.vlebooks.com/">https://www.vlebooks.com/</a> |
| Public note | View on VLEbooks. Logins for members only from [email protected] |
| 942 ## - ADDED ENTRY ELEMENTS (KOHA) | |
| Suppress in OPAC | 0 |
| Withdrawn status | Lost status | Damaged status | Not for loan | Home library | Current library | Shelving location | Date acquired | Cost, normal purchase price | Total Checkouts | Full call number | Barcode | Date last seen | Copy number | Cost, replacement price | Price effective from | Koha item type | Source of classification or shelving scheme |
|---|---|---|---|---|---|---|---|---|---|---|---|---|---|---|---|---|---|
| Missing from bundle | London | London | Books | 04/11/2008 | 49.50 | 690.068 BAR | 30076402 | 06/08/2019 | 1 | 49.50 | 06/08/2019 | Book | |||||
| Virtual | Virtual | Online | 23/11/2010 | 69.01 | EBOOK | 135675-2001 | 06/08/2019 | 1 | 69.01 | 06/08/2019 | Online material | Dewey Decimal Classification |